[Event "XXXII Festival A"]
[Site "Arco ITA"]
[Date "2010.10.18"]
[Round "3"]
[White "Ciola, Alberto"]
[Black "Straubinger, Daniel"]
[Result "0-1"]
[WhiteElo "1929"]
[BlackElo "2235"]
[PlyCount "60"]
[EventDate "2010.10.16"]

1. d4 d5 2. c4 c6 3. cxd5 cxd5 4. Nc3 Nf6 5. Nf3 Nc6 6. h3 a6 7. a3 Bf5 8. e3
e6 9. Bd3 Bxd3 10. Qxd3 Be7 11. O-O O-O 12. b4 b5 13. Bb2 Rc8 14. Rfc1 Nd7 15.
Nd2 Nb6 16. Nb3 Nc4 17. Ra2 a5 18. Nxb5 Qb6 19. Nc3 axb4 20. Na4 Qa7 21. Nbc5
Bxc5 22. Nxc5 bxa3 23. Bc3 Rb8 24. Rb1 Rxb1+ 25. Qxb1 Rb8 26. Qc2 Nb4 27. Bxb4
Rxb4 28. Nd3 Rb5 29. Ne5 Qb8 30. g3 Rb2 0-1

[Event "XXXII Festival A"]
[Site "Arco ITA"]
[Date "2010.10.18"]
[Round "3"]
[White "Dalponte, Dino"]
[Black "De Santis, Alessio"]
[Result "0-1"]
[WhiteElo "2141"]
[BlackElo "2300"]
[PlyCount "52"]
[EventDate "2010.10.16"]

1. d4 b6 2. Nd2 Bb7 3. Ngf3 Nf6 4. c3 c5 5. e3 d6 6. Bc4 e6 7. Qe2 Be7 8. e4
O-O 9. Bd3 cxd4 10. Nxd4 Nbd7 11. O-O Re8 12. Bb5 Qc8 13. Re1 a6 14. Bd3 Qc7
15. f3 Bf8 16. Nf1 e5 17. Nf5 Nc5 18. Bg5 Nfd7 19. Bc2 Ne6 20. Be3 d5 21. exd5
Bxd5 22. Qd3 Nf6 23. Qd2 Rad8 24. Qf2 Rb8 25. a3 g6 26. N5g3 Nf4 0-1

[Event "XXXII Festival A"]
[Site "Arco ITA"]
[Date "2010.10.18"]
[Round "3"]
[White "Damia, Angelo"]
[Black "Kierzek, Mira"]
[Result "1-0"]
[WhiteElo "2287"]
[BlackElo "2053"]
[PlyCount "49"]
[EventDate "2010.10.16"]

1. e4 d5 2. exd5 Nf6 3. d4 Nxd5 4. c4 Nb6 5. Nc3 Nc6 6. d5 Ne5 7. c5 Nbd7 8. f4
Ng6 9. h4 h5 10. f5 Nge5 11. Bf4 c6 12. Nf3 Nxf3+ 13. Qxf3 Nb8 14. O-O-O Bd7
15. dxc6 bxc6 16. Nb5 Na6 17. Nd6+ exd6 18. Re1+ Be7 19. Bxd6 Qa5 20. Rxe7+ Kd8
21. Bxa6 Qxa6 22. Qe4 Qa5 23. b4 Qa3+ 24. Kb1 Bxf5 25. Bc7+ 1-0

[Event "XXXII Festival A"]
[Site "Arco ITA"]
[Date "2010.10.18"]
[Round "3"]
[White "De Andres Gonalons, Fernando"]
[Black "Siebrecht, Sebastian"]
[Result "0-1"]
[WhiteElo "2041"]
[BlackElo "2421"]
[PlyCount "86"]
[EventDate "2010.10.16"]

1. d4 Nf6 2. c4 g6 3. g3 Bg7 4. Bg2 O-O 5. Nf3 d6 6. O-O a6 7. Nc3 Nc6 8. Bg5
h6 9. d5 Na5 10. Bxf6 Bxf6 11. Qd3 c5 12. Rab1 b5 13. b3 bxc4 14. bxc4 Bd7 15.
Ne4 Bg7 16. Ned2 Qc7 17. Qa3 Rab8 18. Rfe1 e5 19. e3 f5 20. Bf1 e4 21. Nh4 g5
22. Ng2 Rb4 23. Rxb4 cxb4 24. Qc1 Ba4 25. Be2 Bc3 26. Rf1 Qg7 27. c5 dxc5 28.
Bxa6 Rd8 29. Nc4 Qa7 30. Nxa5 Qxa6 31. Nc6 Bxc6 32. dxc6 Qxc6 33. Rd1 Rd3 34.
Ne1 Bxe1 35. Rxe1 c4 36. Kg2 Kh7 37. Qb2 Qd6 38. Rb1 f4 39. Qxb4 f3+ 40. Kh3
Qe6+ 41. g4 h5 42. Rg1 Rd1 43. Qb7+ Kh6 0-1

[Event "XXXII Festival A"]
[Site "Arco ITA"]
[Date "2010.10.18"]
[Round "3"]
[White "De Simone Sorrentino, Fabio"]
[Black "Pedrotti, Luciano"]
[Result "0-1"]
[WhiteElo "1711"]
[BlackElo "1833"]
[PlyCount "88"]
[EventDate "2010.10.16"]

1. e4 e5 2. Bc4 Nf6 3. d3 Be7 4. Nf3 d6 5. Nc3 c6 6. Ne2 Nbd7 7. Ng3 O-O 8. Nf5
b5 9. Nxe7+ Qxe7 10. Bb3 Nc5 11. Be3 Nxb3 12. axb3 a6 13. Bg5 Qe6 14. Qd2 d5
15. Qe3 Nd7 16. Qe2 h6 17. Bd2 f5 18. exd5 Qxd5 19. Bb4 Re8 20. O-O Bb7 21. c4
Qe6 22. Bc3 Re7 23. Rfe1 Rae8 24. Bb4 c5 25. Bc3 b4 26. Bd2 e4 27. dxe4 Bxe4
28. Be3 Qc6 29. Nh4 Qf6 30. g3 g5 31. Ng2 Qc6 32. Qf1 Ne5 33. Red1 Rd7 34. Rxd7
Qxd7 35. Rxa6 Bxg2 36. Qxg2 Qd1+ 37. Qf1 Nf3+ 38. Kg2 Ne1+ 39. Kg1 f4 40. Bxc5
Nf3+ 41. Kg2 Re1 42. Rd6 Nd2 43. Qd3 Rg1+ 44. Kh3 Qh5# 0-1

[Event "XXXII Festival A"]
[Site "Arco ITA"]
[Date "2010.10.18"]
[Round "3"]
[White "Di Lazzaro, Gabriele"]
[Black "Knors, Rudi"]
[Result "1-0"]
[WhiteElo "1901"]
[BlackElo "2123"]
[PlyCount "47"]
[EventDate "2010.10.16"]

1. e4 c6 2. d4 d5 3. e5 c5 4. dxc5 e6 5. Nf3 Bxc5 6. Bd3 Ne7 7. O-O Nbc6 8. a3
Ng6 9. b4 Bb6 10. Bb2 O-O 11. g3 Bd7 12. Nbd2 Bc7 13. Qe2 a6 14. h4 Re8 15.
Rfe1 Nce7 16. Nf1 Bc6 17. Ne3 Qd7 18. h5 Nf8 19. h6 Nf5 20. hxg7 Nxg7 21. Ng4
Bd8 22. Nd4 Ng6 23. Qd2 f5 24. exf6 1-0

[Event "XXXII Festival A"]
[Site "Arco ITA"]
[Date "2010.10.18"]
[Round "3"]
[White "Dieli, Riccardo"]
[Black "Bonade', Massimo"]
[Result "0-1"]
[WhiteElo "1906"]
[BlackElo "2091"]
[PlyCount "60"]
[EventDate "2010.10.16"]

1. d4 b6 2. c4 Bb7 3. Nc3 e6 4. Bf4 Bb4 5. a3 Bxc3+ 6. bxc3 Nf6 7. Nf3 O-O 8.
g3 d6 9. Bg2 Nbd7 10. O-O Qe7 11. Re1 e5 12. Bg5 h6 13. Bxf6 Nxf6 14. d5 Nd7
15. e4 a5 16. Nh4 g6 17. Qd2 Kh7 18. Rf1 Ba6 19. Qe2 Rae8 20. Bh3 Nc5 21. Rae1
Qg5 22. f4 exf4 23. Rxf4 Qe5 24. Ref1 Kg8 25. Qf3 Qe7 26. Nf5 Qg5 27. Nh4 Bxc4
28. Nxg6 Bxf1 29. Rg4 fxg6 30. Qxf8+ Rxf8 0-1

[Event "XXXII Festival A"]
[Site "Arco ITA"]
[Date "2010.10.18"]
[Round "3"]
[White "Diotallevi, Maurizio"]
[Black "Buglisi, Massimo"]
[Result "1-0"]
[WhiteElo "2060"]
[BlackElo "1875"]
[PlyCount "67"]
[EventDate "2010.10.16"]

1. d4 Nf6 2. Bg5 c5 3. Bxf6 gxf6 4. d5 Qb6 5. Qc1 Bh6 6. e3 f5 7. g3 d6 8. Nd2
Nd7 9. Nc4 Qc7 10. a4 b6 11. Bg2 Bb7 12. Ne2 Nf6 13. Nc3 a6 14. O-O O-O-O 15.
Ra3 e5 16. Rb3 Nd7 17. Bh3 Kb8 18. Bxf5 Ka7 19. Bxd7 Qxd7 20. Rxb6 Qg4 21. Rxd6
Qxc4 22. Rxh6 Bxd5 23. Nxd5 Rxd5 24. Rh4 Qe2 25. Kg2 Rd2 26. Qe1 Rxc2 27. Qxe2
Rxe2 28. Rc1 Rb8 29. Rxh7 Rbxb2 30. Rxf7+ Kb6 31. Rf6+ Ka5 32. Rxc5+ Kxa4 33.
Rxe5 a5 34. Rff5 1-0

[Event "XXXII Festival A"]
[Site "Arco ITA"]
[Date "2010.10.18"]
[Round "3"]
[White "Ferrari, Michele"]
[Black "Rotoni, Matteo"]
[Result "0-1"]
[WhiteElo "1808"]
[BlackElo "2132"]
[PlyCount "59"]
[EventDate "2010.10.16"]

1. d4 d5 2. e3 Nc6 3. f4 Bf5 4. Bd3 Nh6 5. Nf3 e6 6. O-O Bd6 7. Bd2 O-O 8. Be1
f6 9. Nh4 Bxd3 10. Qxd3 Ne7 11. c4 c5 12. dxc5 Bxc5 13. b4 dxc4 14. Qxc4 Bxe3+
15. Kh1 Qd5 16. Qe2 Bd4 17. Bc3 Nef5 18. Nf3 e5 19. Rd1 Rad8 20. Bxd4 exd4 21.
Nc3 Qc6 22. Ne4 Ne3 23. Nc5 Nxd1 24. Rxd1 Rfe8 25. Qc4+ Qd5 26. Qc2 Nf5 27. Qb2
b6 28. Nd3 Re3 29. Qf2 Rde8 30. Kg1 0-1

[Event "XXXII Festival A"]
[Site "Arco ITA"]
[Date "2010.10.18"]
[Round "3"]
[White "Fodor, Tamas jr"]
[Black "La Manna, Andrea"]
[Result "1-0"]
[WhiteElo "2451"]
[BlackElo "2196"]
[PlyCount "71"]
[EventDate "2010.10.16"]

1. d4 f5 2. c4 Nf6 3. g3 g6 4. Bg2 Bg7 5. Nf3 O-O 6. O-O d6 7. Nc3 Qe8 8. b3
Na6 9. Ba3 c6 10. Qd3 Rb8 11. e4 b5 12. e5 b4 13. exf6 Bxf6 14. Bb2 bxc3 15.
Bxc3 Qf7 16. Rfe1 c5 17. d5 Nc7 18. Rad1 Qg7 19. Bxf6 Qxf6 20. h4 Kg7 21. Re2
h6 22. Rde1 Rf7 23. Qd2 Rb4 24. Re3 Na6 25. Kh2 Nc7 26. Rd3 Kh7 27. Re2 Na6 28.
Rde3 Kg7 29. h5 g5 30. Re6 Bxe6 31. Rxe6 Qa1 32. Rg6+ Kf8 33. Rxh6 Rf6 34. Rh8+
Kg7 35. Ra8 f4 36. Rxa7 1-0

[Event "XXXII Festival A"]
[Site "Arco ITA"]
[Date "2010.10.18"]
[Round "3"]
[White "Gardini, Enrico"]
[Black "Ricci, Alfredo"]
[Result "1-0"]
[WhiteElo "1815"]
[BlackElo "1969"]
[PlyCount "65"]
[EventDate "2010.10.16"]

1. c4 g6 2. Nc3 Bg7 3. Nf3 f5 4. g3 Nc6 5. Bg2 e5 6. d3 Nf6 7. O-O O-O 8. Rb1
h6 9. a3 d6 10. Qc2 Nd4 11. Nxd4 exd4 12. Nd5 c6 13. Nxf6+ Qxf6 14. b4 Rb8 15.
e3 g5 16. Bb2 c5 17. exd4 cxd4 18. Rbe1 f4 19. Bd5+ Kh8 20. f3 fxg3 21. hxg3
Bf5 22. Bc1 b6 23. g4 Bd7 24. b5 Rbe8 25. Be4 Qd8 26. Qh2 d5 27. cxd5 Bxb5 28.
Qh5 Rxe4 29. fxe4 Bxd3 30. Rxf8+ Qxf8 31. Bxg5 Qf3 32. Bh4 Bxe4 33. Qe8+ 1-0

[Event "XXXII Festival A"]
[Site "Arco ITA"]
[Date "2010.10.18"]
[Round "3"]
[White "Giuriato, Sergio"]
[Black "Billio, Atto"]
[Result "1/2-1/2"]
[WhiteElo "1935"]
[BlackElo "2138"]
[PlyCount "93"]
[EventDate "2010.10.16"]

1. d4 f5 2. g3 Nf6 3. Bg2 e6 4. Nf3 d5 5. O-O Bd6 6. c4 c6 7. b3 Qe7 8. Bb2 b6
9. Nbd2 Bb7 10. Ne5 O-O 11. Ndf3 Nbd7 12. Nd3 dxc4 13. bxc4 c5 14. e3 Rfc8 15.
Rc1 Be4 16. Qd2 Qe8 17. Nfe5 Bxg2 18. Kxg2 Bxe5 19. dxe5 Ne4 20. Qe2 Ng5 21. h4
Nf7 22. e4 Nh6 23. Nf4 Nf8 24. Rfe1 Qc6 25. f3 fxe4 26. Qxe4 Qxe4 27. Rxe4 Rd8
28. Bc3 Nf5 29. Kf2 Rd7 30. h5 Rad8 31. g4 Ne7 32. Ree1 Nc6 33. Rc2 Kf7 34. Ne2
g5 35. Ng3 Rd1 36. Ne4 Rxe1 37. Kxe1 h6 38. Kf2 Nb4 39. Bxb4 cxb4 40. c5 bxc5
41. Rxc5 Ke7 42. Rb5 Nd7 43. Rxb4 Nxe5 44. Rb7+ Rd7 45. Rxd7+ Kxd7 46. Ke3 Kc6
47. Nf2 1/2-1/2

[Event "XXXII Festival A"]
[Site "Arco ITA"]
[Date "2010.10.18"]
[Round "3"]
[White "Helbig, Dieter"]
[Black "Bottesi, Gianluca"]
[Result "1-0"]
[WhiteElo "1872"]
[BlackElo "1704"]
[PlyCount "55"]
[EventDate "2010.10.16"]

1. c4 e5 2. Nc3 Nf6 3. g3 Nc6 4. Bg2 Bb4 5. e3 d6 6. Nge2 Bd7 7. O-O O-O 8. d4
exd4 9. exd4 Re8 10. a3 Bxc3 11. Nxc3 Bg4 12. f3 Bf5 13. g4 Bg6 14. Bg5 Qd7 15.
h3 h5 16. Bxf6 gxf6 17. Qd2 Kg7 18. Nd5 Rh8 19. Rae1 Rae8 20. b4 Nd8 21. Rxe8
Rxe8 22. Nf4 Rh8 23. d5 c6 24. Rd1 cxd5 25. Nxd5 Ne6 26. Nxf6 Kxf6 27. Qc3+ Ke7
28. Qxh8 1-0

[Event "XXXII Festival A"]
[Site "Arco ITA"]
[Date "2010.10.18"]
[Round "3"]
[White "Hilbenz, Guntram"]
[Black "Zucchelli, Massimo"]
[Result "1/2-1/2"]
[WhiteElo "1912"]
[BlackElo "2160"]
[PlyCount "57"]
[EventDate "2010.10.16"]

1. Nf3 d5 2. c4 c6 3. Qa4 Nf6 4. cxd5 b5 5. Qb3 Qxd5 6. Nc3 Qxb3 7. axb3 Na6 8.
Nd4 Nb4 9. Na2 Nxa2 10. Rxa2 Bb7 11. d3 a6 12. b4 e5 13. Nc2 c5 14. bxc5 Bxc5
15. b4 Bd6 16. e4 O-O 17. Be2 Rfc8 18. Bd2 Rc7 19. O-O Rd7 20. Na1 Rc7 21. Nb3
Rac8 22. Rfa1 Rc2 23. Rxc2 Rxc2 24. Bd1 Rc7 25. Rc1 Rxc1 26. Nxc1 Nd7 27. Bb3
Nb8 28. Ne2 Bc8 29. Bd5 1/2-1/2

[Event "XXXII Festival A"]
[Site "Arco ITA"]
[Date "2010.10.18"]
[Round "3"]
[White "Joerges, Frank"]
[Black "Mumelter, Igor"]
[Result "1/2-1/2"]
[WhiteElo "1955"]
[BlackElo "1839"]
[PlyCount "90"]
[EventDate "2010.10.16"]

1. d4 Nf6 2. c4 e6 3. Nc3 Bb4 4. Bd2 Bxc3 5. Bxc3 Ne4 6. Qc2 Nxc3 7. Qxc3 d5 8.
e3 O-O 9. Nf3 Nd7 10. Rc1 c6 11. Bd3 dxc4 12. Bxc4 b6 13. O-O c5 14. d5 exd5
15. Bxd5 Rb8 16. Rfd1 Bb7 17. Bxb7 Rxb7 18. Qd3 Qe7 19. Qd6 Nf6 20. Qxe7 Rxe7
21. Rd3 h6 22. Kf1 Rc8 23. Rcd1 g6 24. h3 Kg7 25. Ng1 Rcc7 26. Ne2 Rcd7 27. Nc3
Rxd3 28. Rxd3 Rc7 29. Ke2 Re7 30. Nb5 a6 31. Nc3 Ne4 32. Nd5 Re6 33. Nc7 Rc6
34. Nxa6 b5 35. Nb8 Rc8 36. Nd7 c4 37. Rd4 c3 38. bxc3 Nxc3+ 39. Kf3 Nxa2 40.
Nb6 Rc6 41. Nd5 Rd6 42. e4 b4 43. Rd2 Nc3 44. Rb2 Nxd5 45. exd5 Rxd5 1/2-1/2

[Event "XXXII Festival A"]
[Site "Arco ITA"]
[Date "2010.10.18"]
[Round "3"]
[White "Kern, Beat"]
[Black "Von Wantoch, Markus"]
[Result "0-1"]
[WhiteElo "1668"]
[BlackElo "1927"]
[PlyCount "26"]
[EventDate "2010.10.16"]

1. d4 Nf6 2. c4 e6 3. Nc3 Bb4 4. Nf3 O-O 5. Bd2 b6 6. a3 Bxc3 7. Bxc3 Ne4 8.
Rc1 d6 9. e3 Bb7 10. Bd3 f5 11. O-O Nd7 12. Nd2 Qg5 13. Qe2 Nxc3 0-1

[Event "XXXII Festival A"]
[Site "Arco ITA"]
[Date "2010.10.18"]
[Round "3"]
[White "Korenevski, Oleg"]
[Black "Varzi, Florian"]
[Result "1/2-1/2"]
[WhiteElo "1930"]
[BlackElo "1570"]
[PlyCount "46"]
[EventDate "2010.10.16"]

1. f4 d5 2. Nf3 c5 3. e3 Nc6 4. b3 Nf6 5. Bb2 Bf5 6. Be2 e6 7. O-O Bd6 8. Nc3
h6 9. Nb5 Bb8 10. h3 a6 11. g4 Bh7 12. Nc3 b5 13. Bd3 Bxd3 14. cxd3 Bd6 15. Ne2
Nb4 16. Qb1 O-O 17. Ne5 Rc8 18. a4 Qb6 19. Bc3 Nc6 20. Nxc6 Qxc6 21. Bxf6 gxf6
22. Qb2 Be7 23. Rfc1 Qb6 1/2-1/2

[Event "XXXII Festival A"]
[Site "Arco ITA"]
[Date "2010.10.18"]
[Round "3"]
[White "Leutwyler, Martin"]
[Black "Cottarelli, Franco"]
[Result "1/2-1/2"]
[WhiteElo "2169"]
[BlackElo "1889"]
[PlyCount "57"]
[EventDate "2010.10.16"]

1. d4 f5 2. g3 Nf6 3. Bg2 g6 4. c4 Bg7 5. Nc3 d6 6. Nh3 O-O 7. d5 a5 8. Nf4 Na6
9. h4 Nc5 10. h5 g5 11. h6 Bh8 12. Nd3 Nce4 13. Qc2 e5 14. Bd2 Nxd2 15. Qxd2 f4
16. O-O-O Bf5 17. gxf4 exf4 18. Rdg1 Re8 19. Bh3 Ne4 20. Qxf4 Bg6 21. Qf3 Nxc3
22. bxc3 Bxc3 23. Nf4 Qf6 24. Nxg6 Qxf3 25. exf3 hxg6 26. Rxg5 Kh7 27. Be6 Rf8
28. Rhg1 Rf6 29. Kc2 1/2-1/2

[Event "XXXII Festival A"]
[Site "Arco ITA"]
[Date "2010.10.18"]
[Round "3"]
[White "Lezzerini, Marco"]
[Black "Cavatorta, Fosco"]
[Result "0-1"]
[WhiteElo "1674"]
[BlackElo "1936"]
[PlyCount "58"]
[EventDate "2010.10.16"]

1. d4 d6 2. c4 e5 3. Nf3 e4 4. Ng5 f5 5. Nc3 Be7 6. Nh3 Nf6 7. g3 O-O 8. Bg2 c6
9. O-O a5 10. f3 d5 11. Qb3 Na6 12. cxd5 cxd5 13. Nf4 Nc7 14. fxe4 fxe4 15.
Nxe4 Nxe4 16. Bxe4 a4 17. Bxd5+ Kh8 18. Qc4 b5 19. Qd3 Nxd5 20. Nxd5 Rxf1+ 21.
Kxf1 Bh3+ 22. Kg1 Qxd5 23. e4 Qc4 24. Qxc4 bxc4 25. Bf4 a3 26. bxa3 Rxa3 27.
Rc1 c3 28. d5 Bc5+ 29. Kh1 Rxa2 0-1

[Event "XXXII Festival A"]
[Site "Arco ITA"]
[Date "2010.10.18"]
[Round "3"]
[White "Luciani, Carlo"]
[Black "Varadi, Benedek"]
[Result "1-0"]
[WhiteElo "2230"]
[BlackElo "1950"]
[PlyCount "51"]
[EventDate "2010.10.16"]

1. e4 c5 2. Nf3 e6 3. b3 a6 4. Bb2 Nc6 5. g3 d6 6. d4 cxd4 7. Nxd4 Nf6 8. Bg2
e5 9. Ne2 b5 10. O-O Be7 11. Nbc3 Bb7 12. Nd5 Rc8 13. Bh3 Ra8 14. f3 h5 15. Kg2
h4 16. Qd2 Nxd5 17. exd5 Bg5 18. f4 Ne7 19. c4 Bh6 20. Qd3 hxg3 21. hxg3 exf4
22. Nxf4 b4 23. Rae1 Bc8 24. Bxc8 Qxc8 25. Ng6 Bg5 26. Nxh8 1-0

[Event "XXXII Festival A"]
[Site "Arco ITA"]
[Date "2010.10.18"]
[Round "3"]
[White "Mircoli, Filippo"]
[Black "Savinova, Yulia"]
[Result "1-0"]
[WhiteElo "1699"]
[BlackElo "1820"]
[PlyCount "91"]
[EventDate "2010.10.16"]

1. e4 c6 2. d4 d5 3. Nc3 dxe4 4. Nxe4 Bf5 5. Ng3 Bg6 6. Nf3 e6 7. Be2 Nf6 8.
Bg5 h6 9. Be3 Bd6 10. Ne5 Bh7 11. O-O O-O 12. f4 Nd5 13. Bd2 Nd7 14. c4 N5f6
15. Bf3 Bc7 16. Bc3 Nb6 17. b3 Qe7 18. Qe2 Nfd7 19. Be4 f5 20. Bf3 Nxe5 21.
dxe5 Rfd8 22. Qe1 Nd7 23. Bb4 Bb6+ 24. Kh1 Bc5 25. Bc3 Nf8 26. b4 Bd4 27. Ne2
Bxc3 28. Qxc3 Ng6 29. g3 Nf8 30. Rad1 Bg6 31. c5 Qc7 32. Rd6 Be8 33. Rfd1 Rxd6
34. Rxd6 Rd8 35. Qb3 b6 36. Nd4 Rxd6 37. cxd6 Qc8 38. Nxf5 Kh8 39. Ne7 Qa6 40.
Kg2 c5 41. bxc5 bxc5 42. Qb8 Qxa2+ 43. Kh3 Qa4 44. Bc6 Qd1 45. Qxe8 Qf1+ 46.
Bg2 1-0

[Event "XXXII Festival A"]
[Site "Arco ITA"]
[Date "2010.10.18"]
[Round "3"]
[White "Molnar, Bela"]
[Black "Morselli, Stefano"]
[Result "1-0"]
[WhiteElo "2330"]
[BlackElo "1924"]
[PlyCount "65"]
[EventDate "2010.10.16"]

1. e4 g6 2. d4 Bg7 3. Nc3 d6 4. Bg5 h6 5. Be3 Nf6 6. Be2 Nbd7 7. Qd2 e5 8. dxe5
Nxe5 9. h3 Be6 10. O-O-O Bc4 11. f4 Bxe2 12. Qxe2 Ned7 13. e5 dxe5 14. fxe5 Nh5
15. e6 fxe6 16. Qd3 O-O 17. Qxg6 Nf4 18. Bxf4 Rxf4 19. Qxe6+ Rf7 20. Nf3 Qf6
21. Qxf6 Nxf6 22. Ne5 Rff8 23. Ng6 Rfe8 24. Rhe1 c6 25. Ne7+ Kh7 26. Re6 Nh5
27. Rd7 Nf4 28. Re4 Nxg2 29. Nf5 Rxe4 30. Rxg7+ Kh8 31. Nxe4 Ne3 32. Nf6 Nxf5
33. Rh7# 1-0

[Event "XXXII Festival A"]
[Site "Arco ITA"]
[Date "2010.10.18"]
[Round "3"]
[White "Mombelli, Antonio"]
[Black "Pistone, Salvatore"]
[Result "1-0"]
[WhiteElo "1828"]
[BlackElo "1725"]
[PlyCount "129"]
[EventDate "2010.10.16"]

1. e4 c5 2. c3 Nc6 3. d4 cxd4 4. cxd4 d6 5. h3 Bd7 6. Nc3 Nf6 7. Nf3 e6 8. Be2
a6 9. a3 b5 10. b4 Be7 11. Be3 O-O 12. O-O Qb8 13. Rc1 Rd8 14. Qc2 Be8 15. Bd3
e5 16. d5 Na7 17. Nd2 Nd7 18. Nb3 Nb6 19. Na5 Rc8 20. Qd2 Rc7 21. Rc2 Nc4 22.
Nxc4 bxc4 23. Bxc4 Nb5 24. Bxb5 axb5 25. Nb1 Rxc2 26. Qxc2 Bd7 27. Rc1 Qc8 28.
Qb2 Qb7 29. Nd2 Rc8 30. Nb3 Rxc1+ 31. Qxc1 Qc8 32. Qxc8+ Bxc8 33. Na5 Bd8 34.
Nc6 Bf6 35. Bb6 Kf8 36. Bd8 Bxd8 37. Nxd8 Ke8 38. Nc6 g6 39. f3 Kd7 40. Kf2 Bb7
41. Na5 Bc8 42. Ke3 f5 43. g3 Ke7 44. Nc6+ Kf6 45. h4 h6 46. f4 exf4+ 47. gxf4
fxe4 48. Kxe4 Bf5+ 49. Ke3 Bd7 50. Nd4 g5 51. fxg5+ hxg5 52. hxg5+ Kxg5 53. Ne2
Kf5 54. Kd4 Kf6 55. Nc3 Ke7 56. Ke3 Kf6 57. Kf4 Be8 58. Ne4+ Ke7 59. Kg5 Bf7
60. Nc3 Be8 61. Ne2 Bf7 62. Nd4 Be8 63. Nf5+ Kd7 64. Kf6 Bh5 65. Nd4 1-0

[Event "XXXII Festival A"]
[Site "Arco ITA"]
[Date "2010.10.18"]
[Round "3"]
[White "Moncelli, Giorgio"]
[Black "Dittmar, Peter"]
[Result "0-1"]
[WhiteElo "2089"]
[BlackElo "2328"]
[PlyCount "62"]
[EventDate "2010.10.16"]

1. Nf3 Nf6 2. c4 e6 3. g3 d5 4. b3 a5 5. Bb2 a4 6. Bg2 a3 7. Bxf6 Qxf6 8. Nc3
c6 9. O-O Bb4 10. cxd5 exd5 11. e4 dxe4 12. Nxe4 Qd8 13. Qc2 O-O 14. d4 Nd7 15.
Rad1 Nb6 16. Ne5 Bf5 17. Nc4 Nd5 18. Ne3 Bg6 19. Qc4 Qa5 20. Nc2 Be7 21. Rfe1
Rfe8 22. Rc1 Bf8 23. Nc5 b5 24. b4 Rxe1+ 25. Nxe1 Nxb4 26. Qb3 Bxc5 27. Rxc5
Nxa2 28. Qd1 Nb4 29. Bxc6 Nxc6 30. Rxc6 a2 31. Rc1 a1=Q 0-1

[Event "XXXII Festival A"]
[Site "Arco ITA"]
[Date "2010.10.18"]
[Round "3"]
[White "Naegele, Raimund"]
[Black "Aigner, Georg"]
[Result "1/2-1/2"]
[WhiteElo "1817"]
[BlackElo "1986"]
[PlyCount "86"]
[EventDate "2010.10.16"]

1. d4 d5 2. Nf3 Nf6 3. e3 Bf5 4. c4 e6 5. Qb3 Qc8 6. Nc3 c6 7. Be2 Nbd7 8. O-O
dxc4 9. Bxc4 Nb6 10. Be2 Bd6 11. Ne5 O-O 12. f4 Ne4 13. Nxe4 Bxe4 14. Bd2 Qd8
15. Bf3 Bd5 16. Bxd5 Nxd5 17. Nc4 c5 18. Nxd6 Qxd6 19. dxc5 Qxc5 20. Rac1 Qb6
21. Qxb6 Nxb6 22. Rc7 Rab8 23. e4 Na8 24. Rc2 Rfc8 25. Rfc1 Rxc2 26. Rxc2 Kf8
27. Bc3 Rd8 28. Rd2 Rxd2 29. Bxd2 Ke7 30. Kf2 Nc7 31. Bc3 f6 32. Ke3 g6 33. a4
f5 34. Be5 Na6 35. exf5 exf5 36. Bd4 b6 37. Kd3 Kd6 38. Kc4 Kc6 39. b4 Nc7 40.
b5+ Kb7 41. Be3 a6 42. Bd4 axb5+ 43. axb5 Ne6 1/2-1/2

[Event "XXXII Festival A"]
[Site "Arco ITA"]
[Date "2010.10.18"]
[Round "3"]
[White "Nanni, Sergio"]
[Black "Weinberg, Emanuele"]
[Result "0-1"]
[WhiteElo "1698"]
[BlackElo "1815"]
[PlyCount "46"]
[EventDate "2010.10.16"]

1. e4 Nf6 2. e5 Nd5 3. d4 d6 4. c4 Nb6 5. f4 dxe5 6. fxe5 Nc6 7. Be3 Bf5 8. Nf3
Nb4 9. Na3 e6 10. Be2 Be7 11. O-O O-O 12. Ne1 c5 13. Rxf5 cxd4 14. Rxf7 Rxf7
15. Bxd4 Nc6 16. Nf3 Rxf3 17. Bxf3 Qxd4+ 18. Qxd4 Nxd4 19. Bxb7 Rb8 20. Be4 Na4
21. Nb5 Nxb5 22. cxb5 Nc5 23. Bc6 Nd3 0-1

[Event "XXXII Festival A"]
[Site "Arco ITA"]
[Date "2010.10.18"]
[Round "3"]
[White "Niccoli, Paolo"]
[Black "Del Nevo, Claudio"]
[Result "1-0"]
[WhiteElo "1962"]
[BlackElo "1859"]
[PlyCount "117"]
[EventDate "2010.10.16"]

1. e4 d6 2. d4 Nf6 3. Nc3 c6 4. Be3 g6 5. f3 Bg7 6. Qd2 b5 7. g4 b4 8. Nd1 a5
9. h4 h5 10. g5 Nfd7 11. f4 Nb6 12. Nf2 Ba6 13. Bd3 Nc4 14. Bxc4 Bxc4 15. Ne2
Nd7 16. O-O O-O 17. f5 c5 18. c3 Qc7 19. Nh3 Qb7 20. Rf4 e5 21. fxe6 Bxe6 22.
Kh2 Bxh3 23. Kxh3 Nb6 24. Qd3 c4 25. Qc2 Rae8 26. Raf1 Nd5 27. R4f3 Nxe3 28.
Rxe3 Qd7+ 29. Kh2 Qe6 30. Nf4 Qg4 31. Qf2 Qd7 32. Nd5 Qb7 33. Qf4 Re6 34. Ref3
bxc3 35. bxc3 Kh8 36. R3f2 Kh7 37. Qf3 Ree8 38. Re2 Qd7 39. Kg3 Re6 40. Ref2
Qc6 41. Rb1 Qd7 42. Rfb2 Ree8 43. Rb7 Qg4+ 44. Qxg4 hxg4 45. Kf4 Kg8 46. Nf6+
Bxf6 47. gxf6 Re6 48. e5 dxe5+ 49. dxe5 Kh7 50. R1b5 Kh6 51. Kxg4 a4 52. Rc5
Kh7 53. Kf4 Kh6 54. Rcc7 g5+ 55. hxg5+ Kg6 56. Re7 Rc6 57. e6 Rc5 58. Rxf7 Rf5+
59. Ke4 1-0

[Event "XXXII Festival A"]
[Site "Arco ITA"]
[Date "2010.10.18"]
[Round "3"]
[White "Nicolodi, Raoul"]
[Black "Prezzi, Adriano"]
[Result "1/2-1/2"]
[WhiteElo "1939"]
[BlackElo "1682"]
[PlyCount "117"]
[EventDate "2010.10.16"]

1. c4 e5 2. Nc3 Nf6 3. Nf3 Nc6 4. e4 Bb4 5. d3 Bxc3+ 6. bxc3 d6 7. Be2 h6 8.
O-O O-O 9. Qc2 Nh7 10. d4 f5 11. Bd3 f4 12. c5 Ng5 13. Nxg5 Qxg5 14. cxd6 cxd6
15. d5 Ne7 16. f3 Bd7 17. Ba3 Rf6 18. Rab1 b6 19. Bb5 Bxb5 20. Rxb5 Nc8 21. Rb4
a6 22. Rc4 Rg6 23. Rf2 Qd8 24. Qb3 b5 25. Rb4 Nb6 26. Bc1 Qc7 27. Bd2 Nc4 28.
a4 Qc5 29. Kf1 Rf6 30. Re2 g5 31. axb5 axb5 32. Rxb5 Ra1+ 33. Be1 Rxe1+ 34.
Rxe1 Nd2+ 35. Ke2 Nxb3 36. Rxc5 Nxc5 37. Ra1 Rf8 38. Rb1 Rd8 39. Rb6 Kf7 40.
Rc6 Ke7 41. Rc7+ Nd7 42. g3 Rb8 43. gxf4 gxf4 44. Kf2 Kd8 45. Ra7 h5 46. Kg2
Rc8 47. Ra3 Ke7 48. Kh3 Rg8 49. Ra7 Rg1 50. Rc7 Re1 51. Kg2 Re2+ 52. Kg1 Ra2
53. Rc8 Ra5 54. Rg8 Kf7 55. Rd8 Ke7 56. Rg8 Nf6 57. Rg7+ Kf8 58. Rb7 Rc5 59.
Rb3 1/2-1/2

[Event "XXXII Festival A"]
[Site "Arco ITA"]
[Date "2010.10.18"]
[Round "3"]
[White "Panarello, Giuseppe"]
[Black "Klings, Peter"]
[Result "1-0"]
[WhiteElo "1925"]
[BlackElo "2185"]
[PlyCount "95"]
[EventDate "2010.10.16"]

1. Nf3 Nf6 2. g3 g6 3. Bg2 Bg7 4. O-O O-O 5. d3 d6 6. e4 c5 7. Nbd2 Nc6 8. c3
Rb8 9. a4 b6 10. Re1 Ba6 11. Nf1 Ne5 12. c4 Nc6 13. Bd2 Nd7 14. Bc3 Nde5 15.
Ne3 e6 16. Rf1 Nxf3+ 17. Bxf3 Bb7 18. Bg2 a6 19. Bxg7 Kxg7 20. Qd2 f5 21. f4
Qf6 22. Rae1 Nb4 23. e5 dxe5 24. fxe5 Qd8 25. Rd1 Qd4 26. Rf4 Qxe5 27. d4 cxd4
28. Rxd4 Qc5 29. Rd7+ Rf7 30. Qc3+ e5 31. Rxf7+ Kxf7 32. Rd7+ Ke6 33. Rxb7 Rxb7
34. Bxb7 f4 35. gxf4 exf4 36. Bd5+ Kd7 37. Qg7+ Qe7 38. Qxe7+ Kxe7 39. Ng4 Nxd5
40. cxd5 Kd6 41. Kf2 h5 42. Nf6 Ke5 43. Nd7+ Kxd5 44. Nxb6+ Kc5 45. Nd7+ Kb4
46. h4 Kxa4 47. Nc5+ Kb5 48. Nxa6 1-0

[Event "XXXII Festival A"]
[Site "Arco ITA"]
[Date "2010.10.18"]
[Round "3"]
[White "Panjkovic, Aleksandar"]
[Black "Drasko, Milan"]
[Result "0-1"]
[WhiteElo "2137"]
[BlackElo "2486"]
[PlyCount "82"]
[EventDate "2010.10.16"]

1. c4 e6 2. g3 d5 3. b3 dxc4 4. Bg2 cxb3 5. Qxb3 Nd7 6. d4 c5 7. Nf3 Qb6 8. Be3
Ngf6 9. Nc3 cxd4 10. Qxb6 Nxb6 11. Bxd4 Nbd5 12. O-O Nxc3 13. Bxc3 Be7 14. Rfd1
O-O 15. Ne5 Nd5 16. Rac1 Nxc3 17. Rxc3 Bf6 18. f4 Rd8 19. Rcd3 Rxd3 20. Rxd3
Kf8 21. Nd7+ Bxd7 22. Rxd7 Rc8 23. Bxb7 Rc2 24. a4 Rxe2 25. Bc6 a6 26. Bb7 Ra2
27. Bxa6 Rxa4 28. Bb5 Ra1+ 29. Kg2 Ra2+ 30. Kg1 h5 31. h4 Rb2 32. Rb7 Bd4+ 33.
Kh1 Bf2 34. Kg2 Be1+ 35. Kf3 Rb3+ 36. Ke4 Bxg3 37. Ke5 Re3+ 38. Kd4 Bxf4 39.
Ra7 g6 40. Ra8+ Kg7 41. Ra7 Re5 0-1